000 00825nam a2200205 i 4500
001 124824
003 ES-MaACL
005 20230906192514.0
007 t|
008 070420s1933 sp ||||1| spa d
245 0 0 _aCompilación de disposiciones legislativas extranjeras sobre Seguro de Enfermedad.
260 _aMadrid :
_b[s.n.],
_c1933 (
_fImprenta y Encuadernación de los Sobrinos de la Sucesora de M. Minuesa de los Ríos)
300 _a289 p. ;
_c20 cm.
490 1 _aPublicaciones del Instituto Nacional de Previsión ;
_v367
500 _aPrecede al tít.: Unificación de los Seguros sociales.
505 8 _aContiene: Tomo Tercero: Gran Bretaña, Holanda y Hungría
830 0 _aPublicaciones del Instituto Nacional de Previsión ;
_v367
_9181151
852 _aES-MaACL
_jC-12657(1)
999 _c124824
_d124824